Report of the First State Finance Commission (2001-2006), Uttaranchal (Record no. 481403)

000 -LEADER
fixed length control field 00580cam a22001577a 4500
008 - FIXED-LENGTH DATA ELEMENTS--GENERAL INFORMATION
fixed length control field 180718b2002 xxu||||| |||| 00| 0 eng d
082 ## - DEWEY DECIMAL CLASSIFICATION NUMBER
Classification number Lx54221 F/2002
100 ## - MAIN ENTRY--PERSONAL NAME
Personal name Uttaranchal. First State Finance Commission
245 ## - TITLE STATEMENT
Title Report of the First State Finance Commission (2001-2006), Uttaranchal
Statement of responsibility, etc. by Finance Department, Government of Uttaranchal
260 ## - PUBLICATION, DISTRIBUTION, ETC.
Place of publication, distribution, etc. Dehradun
Name of publisher, distributor, etc. Government of Uttaranchal
Date of publication, distribution, etc. 2002
300 ## - PHYSICAL DESCRIPTION
Extent 3v.
500 ## - GENERAL NOTE
General note Chairman: R.K. Dar
650 ## - SUBJECT ADDED ENTRY--TOPICAL TERM
Topical term or geographic name entry element Finance - India - Uttaranchal
700 ## - ADDED ENTRY--PERSONAL NAME
Personal name Dar, R.K. (Chairman)
700 ## - ADDED ENTRY--PERSONAL NAME
Personal name Uttaranchal. Finance Department
Holdings
Withdrawn status Lost status Damaged status Not for loan Permanent Location Current Location Date acquired Full call number Barcode Date last seen Price effective from Koha item type
        Indian Institute of Public Administration Indian Institute of Public Administration 2018-08-04 Lx54221 F/2002 GG26784 2018-08-04 2018-08-04 GG
        Indian Institute of Public Administration Indian Institute of Public Administration 2018-08-04 Lx54221 F/2002 GG26783 2018-08-04 2018-08-04 GG
        Indian Institute of Public Administration Indian Institute of Public Administration 2018-08-04 Lx54221 F/2002 GG26782 2018-08-04 2018-08-04 GG

Powered by Koha